Regionálne rozdiely v sociálnom bývaní v Slovenskej republike
Sociálne bývanie v krajinách Európskej únie. Definícia sociálneho bývania v Európskej únii a na Slovensku. Stav a úroveň sociálneho bývania na Slovensku. Vlastnícka štruktúra bytov podľa sčítania obyvateľov, domov a bytov v roku 2011 v krajoch Slovenska. Analýza regionálnych disparít.
Saved in:
| Main Author: | |
|---|---|
| Format: | Book Chapter |
| Language: | Slovak |
| Subjects: | |
| Tags: |
No Tags, Be the first to tag this record!
|
MARC
| LEADER | 00000naa$a2200000$$$4500 | ||
|---|---|---|---|
| 001 | 0252999 | ||
| 005 | 20240502083723.0 | ||
| 041 | 0 | |a slo | |
| 044 | |a CZ | ||
| 245 | 1 | 0 | |a Regionálne rozdiely v sociálnom bývaní v Slovenskej republike |c Viera Labudová |
| 520 | |a Sociálne bývanie v krajinách Európskej únie. Definícia sociálneho bývania v Európskej únii a na Slovensku. Stav a úroveň sociálneho bývania na Slovensku. Vlastnícka štruktúra bytov podľa sčítania obyvateľov, domov a bytov v roku 2011 v krajoch Slovenska. Analýza regionálnych disparít. | ||
| 610 | 2 | 0 | |a bývanie |
| 610 | 2 | 0 | |a regióny |
| 610 | 2 | 0 | |a obyvateľstvo |
| 610 | 2 | 0 | |a populácia |
| 610 | 2 | 0 | |a byty |
| 610 | 2 | 0 | |a úroveň životná |
| 610 | 2 | 0 | |a práva ľudské |
| 610 | 2 | 0 | |a Slovensko |
| 610 | 2 | 0 | |a Európska únia |
| 100 | 1 | |a Labudová, Viera, 1958- | |